00613nam a2200169Ia 4500008004000000020001800040082001900058100002600077245005200103260004700155300001100202650003300213690002200246906001100268999001900279952014500298210210b1997 xxu||||| |||| 00| 0 eng d a81 259 0297 X a324.95492 THIG aTHIAGARAJAH (Jeevan). aGovernance and electoral process in Bangladesh. aNDbVikas Publishing House Pvt Ltd.c1997 axi,219 aElectoral process Bangladesh aPolitical Process a052271 c100579d100579 001040708Political ScienceaALbALcPolitical Scienced2021-02-17g295.00l0o324.95492 THIGp052271r2021-02-17 00:00:00w2021-02-17yBK